Quick Pick: Classic Novels en Français Quiz Stats

 Plays Quiz Updated Jan 8, 2018

Challenge
Share
Tweet
Embed
Score 0/12 Timer 01:30
3 Plays Today
% Correct
Aventures d'Alice au Pays des Merveilles
97.2%
La Métamorphose
96.6%
Un Chant de Noël
96.6%
Les Grandes Espérances
96.2%
La Femme en Blanc
96%
Portrait de l'Artiste en Jeune Homme
95.8%
La Ferme des Animaux
95.3%
Orgueil et Préjugés
95.3%
L'Adieu aux Armes
94.9%
Mille neuf cent quatre-vingt-quatre
94.1%
Cent Ans de Solitude
93.6%
Le Tour du Monde en Quatre-Vingt Jours
93.2%

Today's Daily Dose

You're not logged in!

Compare scores with friends on all Sporcle quizzes.
Join for Free
OR
Log In

You Might Also Like...

Show Comments

Extras

Top Quizzes Today


Score Distribution

Your Account Isn't Verified!

In order to create a playlist on Sporcle, you need to verify the email address you used during registration. Go to your Sporcle Settings to finish the process.

Report this User

Report this user for behavior that violates our Community Guidelines.

Details: